| 000 | 01017nam a2200277 i 4500 | ||
|---|---|---|---|
| 001 | bg | ||
| 100 | 1 |
_aSHIVELY, W. Phillips _d(1942- ) |
|
| 245 | 1 | 0 |
_aSztuka prowadzenia badań politycznych / _cW. Phillips Shively ; przekł. Elżbieta Hornowska. |
| 246 |
_iTyt. oryg.: _aThe craft of political research |
||
| 260 |
_aPoznań : _bZysk i S-ka. Wydaw., _ccop. 2001. |
||
| 300 |
_a219 s. : _bil. ; _c21 cm. |
||
| 500 | _aTyt. oryg.: "The craft of political research" 1997. | ||
| 504 | _aBibliogr. Indeks. | ||
| 650 | 9 |
_aNauki polityczne _xmetodologia |
|
| 655 | _aPodręczniki akademickie | ||
| 700 | 1 |
_aHORNOWSKA, Elżbieta _d(1952- ). _eTł. |
|
| 015 | _aPB 9743/2003 | ||
| 020 | _a8371507070 | ||
| 040 | _cBPK | ||
| 041 | 1 |
_apol _heng |
|
| 080 | _a32.001:167/168](075.8) | ||
| 920 | _a83-7150-707-0 | ||
| 942 | _cKS | ||
| 008 | s pl f |000 0 pol | ||
| 999 |
_c46145 _d46145 |
||
| 856 |
_uhttp://koha.tu.koszalin.pl/cgi-bin/koha/opac-detail.pl?biblionumber=46145 _yKatalog online BPK |
||